| 000 | 01953nam a2200373 c 4500 | ||
|---|---|---|---|
| 003 | BLK | ||
| 005 | 20180422102846.0 | ||
| 008 | 180408b bul|||||r ||||||| ||bul|| | ||
| 010 | _aKNG00071093000 | ||
| 020 |
_a954-325-021-9 _bиздат.: Планета-3 |
||
| 040 | _aBLK | ||
| 041 |
_aBUL _cBUL |
||
| 080 |
_aПроблеми на окултното. Теории и системи на езотеричните дисциплини, които изясняват и интерпретират феномените и проблемите на окултното. Вж и 159.961; 291.3 _b133 _x _z133 |
||
| 080 |
_aПарапсихология. Нумерология. - Халюцинации, пророчества, предсказания, магии, демонология, телепатия, спиритизъм, илюзии, нумерология, мошеничество. Вж и 133 ; 398.4 ; 615.851 _b159.961 _x _z159.961 |
||
| 080 |
_aСвръхсетивен свят. Шаманизъм. Духове, магьосници, дракони, великани и др. _b398.4 _x _z398.4 |
||
| 100 | 1 |
_aУедек, Хари _eпърви автор _9132271 |
|
| 700 | 1 |
_aРафи, Елика _eпрев. от англ. _9365144 |
|
| 139 |
_aУедек, Хари _bУ 28 |
||
| 245 | 1 | 0 |
_aСъкровищница на магьосничеството _cХари Уедек; прев. от англ. Елика Рафи. |
| 257 | _aUSA | ||
| 260 |
_аСофия _bПланета-3 _c2005 |
||
| 300 |
_a364 с. _bс ил. _c21 см |
||
| 380 | _a1 | ||
| 500 | _aОриг. загл. The Treasury of Witchcraft / Harry E. Wedeck. - Библиогр. с. 359-362. | ||
| 650 | 4 |
_aМагия _9160893 |
|
| 650 | 4 |
_aОкултизъм _9164936 |
|
| 653 | _aмагия | ||
| 653 | _aокултизъм | ||
| 852 | _aЦб 231088 | ||
| 856 | 4 |
_qpdf _u |
|
| 856 | 4 |
_qpdf _u |
|
| 942 |
_cKNG _n0 |
||
| 944 |
_aCR _c01.02.2007 _kЛюдмила_Стоянова |
||
| 944 |
_aED _c07.02.2007 _k |
||
| 999 |
_c66790 _d66790 |
||